Guess the historical people from the pictures 5 - Statistics

General Stats
  • This quiz has been taken 79 times
  • The average score is 6 of 16
Answer Stats
Picture Answer % Correct
John F. Kennedy
96%
Elizabeth II
93%
Marie Sklodowska Curie
82%
Martin Luther
72%
Augustus
66%
Nicolaus Copernicus
41%
The Brontë sisters
38%
Antonio Vivaldi
31%
Hannibal
21%
Mary Stuart
10%
Hernán Cortés
9%
Lady Jane Grey
6%
Jean Sibelius
3%
Hilma of Klint
1%
Rudrama Devi
1%
Hatšepsut
0%
No matching quizzes found
Score Distribution
Percent of People with Each Score
Percentile by Number Answered
Your Score History
You have not taken this quiz